Open Data Biblioteca Nacional de Portugal


República Portuguesa: Ministério da Cultura
Biblioteca Nacional de Portugal

Catálogo da BNP: acesso por Identificadores Unívocos
Registos Bibliográficos associados ao registo de autoridade

Etiqueta de registo: 00000nam 2200025 450
001 1912897
003 http://id.bnportugal.gov.pt/bib/catbnp/1912897
100 ## $a20151021d2014 k y0pory01030103ba
101 0# $aspa$dpor
102 ## $aPT
105 ## $aa m 000yy
106 ## $ar
200 1# $a La adquisición de lenguas extranjeras mediante materiales multimedia y enseñanza online$e un enfoque contrastivo y didáctico$fAntonio Chenoll Mora$gorient. Rogelio Ponce de Léon Romeo, José Reis Lagarto
210 #9 $aPorto$c[s.n.],$d2014
215 ## $a316, [93] p.$cil.$d30 cm
320 ## $aContém bibliografia
328 ## $aTese doutoramento Didática de línguas, Faculdade de Letras, Universidade do Porto, 2014
675 ## $a378.018(043)$vBN$zpor$31396876
675 ## $a378.14(043)$vBN$zpor$31305455
675 ## $a811.134.2'243(043)$vBN$zpor$31568388
675 ## $a004.73(043)$vBN$zpor$3813506
700 #1 $aChenoll Mora,$bAntonio$31624121
702 #1 $aPonce de Léon Romeo,$bRogelio,$f1968-$4727$31208108
702 #1 $aLagarto,$bJosé Reis,$f1955-$4727$3113585
801 #0 $aPT$bBN$gRPC
966 ## $lBN$mFGMON$sS.C. 141649 V.$x1

Etiqueta de registo: 00254nam 2200025 450
001 2284288
003 http://id.bnportugal.gov.pt/bib/catbnp/2284288
100 ## $a20260414d2025 k y0pory01030103ba
101 0# $aspa$deng$dpor
102 ## $aPT
105 ## $aa m 000yy
106 ## $ar
200 1# $aPrácticas digitales optimizadoras en textos escritos por estudiantes universitarios de español como lengua extranjera$fGrauben Helena Navas de Pereira$gorient. Lina Morgado, Antonio Chenoll Mora
210 #9 $a[S.l.$cs.n.],$d2025
215 ## $aXXV, 455 p.$cil.$d30 cm
328 #1 $aTese dout. Didática das Línguas - Multilinguismo e Educação para a Cidadania Global (ensino do espanhol), Universidade Aberta, Universidade Nova de Lisboa, 2025
700 #1 $aPereira,$bGrauben Helena Navas de$31995578
702 #1 $aMorgado,$bLina,$f1958-$4727$3149952
702 #1 $aChenoll Mora,$bAntonio$4727$31624121
801 #0 $aPT$bBN$gRPC
966 ## $lBN$mFGMON$x1
971 ## $corlando$d20260414

OpendataBNP@bnportugal.pt | Mais informação sobre acesso aos dados BNP